<?xml version="1.0" encoding="UTF-8"?>
<collection xmlns="http://www.loc.gov/MARC21/slim">
 <record>
  <leader>06595nas a22008657i 4500</leader>
  <controlfield tag="001">000303028</controlfield>
  <controlfield tag="003">CZ-PrVSE</controlfield>
  <controlfield tag="005">20190125112159.0</controlfield>
  <controlfield tag="006">m        d</controlfield>
  <controlfield tag="007">co|cg|||||||||</controlfield>
  <controlfield tag="008">160108c20109999xr ar-m r     1   a0cze d</controlfield>
  <datafield tag="015" ind1=" " ind2=" ">
   <subfield code="a">cnb002392356</subfield>
   <subfield code="z">cnb002196525</subfield>
  </datafield>
  <datafield tag="040" ind1=" " ind2=" ">
   <subfield code="a">ABA006</subfield>
   <subfield code="b">cze</subfield>
   <subfield code="c">ABA006</subfield>
   <subfield code="d">ABA006</subfield>
   <subfield code="e">rda</subfield>
  </datafield>
  <datafield tag="041" ind1="0" ind2=" ">
   <subfield code="a">cze</subfield>
   <subfield code="a">eng</subfield>
   <subfield code="a">slo</subfield>
  </datafield>
  <datafield tag="072" ind1=" " ind2="7">
   <subfield code="a">005</subfield>
   <subfield code="x">Management. Řízení</subfield>
   <subfield code="2">Konspekt</subfield>
   <subfield code="9">4</subfield>
  </datafield>
  <datafield tag="072" ind1=" " ind2="9">
   <subfield code="a">650</subfield>
   <subfield code="x">Management and auxiliary services</subfield>
   <subfield code="2">Conspectus</subfield>
   <subfield code="9">4</subfield>
  </datafield>
  <datafield tag="080" ind1=" " ind2=" ">
   <subfield code="a">005</subfield>
   <subfield code="2">MRF_2003</subfield>
  </datafield>
  <datafield tag="080" ind1=" " ind2=" ">
   <subfield code="a">(062.534)</subfield>
   <subfield code="2">MRF_2003</subfield>
  </datafield>
  <datafield tag="080" ind1=" " ind2=" ">
   <subfield code="a">(0.034.44)</subfield>
   <subfield code="2">MRF_2003</subfield>
  </datafield>
  <datafield tag="099" ind1=" " ind2="9">
   <subfield code="a">005SBO</subfield>
  </datafield>
  <datafield tag="110" ind1="2" ind2=" ">
   <subfield code="a">Vysoká škola ekonomická v Praze.</subfield>
   <subfield code="b">Fakulta managementu.</subfield>
   <subfield code="b">Vědecká konference</subfield>
   <subfield code="7">olak2012698062</subfield>
   <subfield code="4">aut</subfield>
  </datafield>
  <datafield tag="245" ind1="1" ind2="0">
   <subfield code="a">Sborník příspěvků z vědecké konference doktorandů, studentů magisterského studia a mladých vědeckých pracovníků pořádané na Fakultě managementu VŠE dne ...</subfield>
  </datafield>
  <datafield tag="246" ind1="1" ind2=" ">
   <subfield code="i">V r. 2013 anglický název:</subfield>
   <subfield code="a">Proceedings of the ... Scientific Conference for PhD. Students and Young Reserarches</subfield>
  </datafield>
  <datafield tag="264" ind1=" " ind2="1">
   <subfield code="a">Jindřichův Hradec :</subfield>
   <subfield code="b">Oeconomica,</subfield>
   <subfield code="c">2010-</subfield>
  </datafield>
  <datafield tag="300" ind1=" " ind2=" ">
   <subfield code="a">1 CD-ROM</subfield>
  </datafield>
  <datafield tag="310" ind1=" " ind2=" ">
   <subfield code="a">1x ročně</subfield>
  </datafield>
  <datafield tag="336" ind1=" " ind2=" ">
   <subfield code="a">text</subfield>
   <subfield code="b">txt</subfield>
   <subfield code="2">rdacontent</subfield>
  </datafield>
  <datafield tag="337" ind1=" " ind2=" ">
   <subfield code="a">počítač</subfield>
   <subfield code="b">c</subfield>
   <subfield code="2">rdamedia</subfield>
  </datafield>
  <datafield tag="338" ind1=" " ind2=" ">
   <subfield code="a">počítačový disk</subfield>
   <subfield code="b">cd</subfield>
   <subfield code="2">rdacarrier</subfield>
  </datafield>
  <datafield tag="347" ind1=" " ind2=" ">
   <subfield code="a">textový soubor</subfield>
   <subfield code="b">PDF</subfield>
   <subfield code="2">rda</subfield>
  </datafield>
  <datafield tag="500" ind1=" " ind2=" ">
   <subfield code="a">Název z disku</subfield>
  </datafield>
  <datafield tag="500" ind1=" " ind2=" ">
   <subfield code="a">Součástí názvu je datum konání akce, v r. 2013 součástí názvu označení pořadí akce</subfield>
  </datafield>
  <datafield tag="546" ind1=" " ind2=" ">
   <subfield code="a">Částečně anglický a slovenský text</subfield>
  </datafield>
  <datafield tag="550" ind1=" " ind2=" ">
   <subfield code="a">Vydavatel: Vysoká škola ekonomická v Praze</subfield>
  </datafield>
  <datafield tag="650" ind1="0" ind2="7">
   <subfield code="a">management</subfield>
   <subfield code="7">ph115217</subfield>
   <subfield code="2">czenas</subfield>
  </datafield>
  <datafield tag="655" ind1=" " ind2="7">
   <subfield code="a">sborníky konferencí</subfield>
   <subfield code="7">fd133333</subfield>
   <subfield code="2">czenas</subfield>
  </datafield>
  <datafield tag="655" ind1=" " ind2="7">
   <subfield code="a">CD-ROM</subfield>
   <subfield code="7">fd133955</subfield>
   <subfield code="2">czenas</subfield>
  </datafield>
  <datafield tag="650" ind1="0" ind2="9">
   <subfield code="a">management</subfield>
   <subfield code="2">eczenas</subfield>
  </datafield>
  <datafield tag="655" ind1=" " ind2="9">
   <subfield code="a">proceedings of conferences</subfield>
   <subfield code="2">eczenas</subfield>
  </datafield>
  <datafield tag="655" ind1=" " ind2="9">
   <subfield code="a">CD-ROM</subfield>
   <subfield code="2">eczenas</subfield>
  </datafield>
  <datafield tag="710" ind1="2" ind2=" ">
   <subfield code="a">Vysoká škola ekonomická v Praze</subfield>
   <subfield code="7">kn20010709403</subfield>
   <subfield code="4">pbl</subfield>
  </datafield>
  <datafield tag="902" ind1=" " ind2=" ">
   <subfield code="a">978-80-245-1750-6</subfield>
   <subfield code="q">(2010)</subfield>
  </datafield>
  <datafield tag="902" ind1=" " ind2=" ">
   <subfield code="a">978-80-245-1847-3</subfield>
   <subfield code="q">(2011)</subfield>
  </datafield>
  <datafield tag="902" ind1=" " ind2=" ">
   <subfield code="a">978-80-245-1991-3</subfield>
   <subfield code="q">(2013)</subfield>
  </datafield>
  <datafield tag="902" ind1=" " ind2=" ">
   <subfield code="a">978-80-245-2070-4</subfield>
   <subfield code="q">(2014)</subfield>
  </datafield>
  <datafield tag="902" ind1=" " ind2=" ">
   <subfield code="a">978-80-245-2115-2</subfield>
   <subfield code="q">(2015)</subfield>
  </datafield>
  <datafield tag="910" ind1=" " ind2=" ">
   <subfield code="a">ABA006</subfield>
   <subfield code="b">různé signatury</subfield>
   <subfield code="r">2010-11,13-15</subfield>
   <subfield code="t">n</subfield>
  </datafield>
  <datafield tag="993" ind1=" " ind2=" ">
   <subfield code="a">005410830</subfield>
  </datafield>
  <datafield tag="996" ind1=" " ind2=" ">
   <subfield code="1">HPUVV</subfield>
   <subfield code="3">CD 36-V1</subfield>
   <subfield code="5">4202133640</subfield>
   <subfield code="7">2010;Požadujte u knihovníka; 2010</subfield>
   <subfield code="8">20110404</subfield>
   <subfield code="9">005MÍK</subfield>
   <subfield code="a">2010</subfield>
   <subfield code="b">2010</subfield>
   <subfield code="f">81</subfield>
   <subfield code="h">2010</subfield>
   <subfield code="l">UEP01</subfield>
   <subfield code="m">BOOK</subfield>
   <subfield code="q">Knihovna FM JH volný výběr</subfield>
   <subfield code="t">na 1 měsíc</subfield>
   <subfield code="u">UEP01</subfield>
  </datafield>
  <datafield tag="996" ind1=" " ind2=" ">
   <subfield code="1">HPUVV</subfield>
   <subfield code="3">CD 42-V1</subfield>
   <subfield code="4">vl. tisk</subfield>
   <subfield code="5">4202136030</subfield>
   <subfield code="7">2011;Požadujte u knihovníka; 2011</subfield>
   <subfield code="8">20120525</subfield>
   <subfield code="9">005MÍK</subfield>
   <subfield code="a">2011</subfield>
   <subfield code="b">2011</subfield>
   <subfield code="f">81</subfield>
   <subfield code="h">2011</subfield>
   <subfield code="l">UEP01</subfield>
   <subfield code="m">BOOK</subfield>
   <subfield code="q">Knihovna FM JH volný výběr</subfield>
   <subfield code="t">na 1 měsíc</subfield>
   <subfield code="u">UEP01</subfield>
  </datafield>
  <datafield tag="996" ind1=" " ind2=" ">
   <subfield code="1">HPUVV</subfield>
   <subfield code="3">CD 50-V1</subfield>
   <subfield code="4">vl. tisk</subfield>
   <subfield code="5">4202139648</subfield>
   <subfield code="7">2013;Požadujte u knihovníka; 2013</subfield>
   <subfield code="8">20150709</subfield>
   <subfield code="9">005MÍK</subfield>
   <subfield code="a">2013</subfield>
   <subfield code="b">2013</subfield>
   <subfield code="f">81</subfield>
   <subfield code="h">2013</subfield>
   <subfield code="l">UEP01</subfield>
   <subfield code="m">BOOK</subfield>
   <subfield code="q">Knihovna FM JH volný výběr</subfield>
   <subfield code="t">na 1 měsíc</subfield>
   <subfield code="u">UEP01</subfield>
  </datafield>
  <datafield tag="996" ind1=" " ind2=" ">
   <subfield code="1">HPUVV</subfield>
   <subfield code="3">CD 53-V1</subfield>
   <subfield code="4">vl. tisk</subfield>
   <subfield code="5">4202140263</subfield>
   <subfield code="7">2014;Požadujte u knihovníka; 2014</subfield>
   <subfield code="8">20160111</subfield>
   <subfield code="9">339.7MÍK</subfield>
   <subfield code="a">2014</subfield>
   <subfield code="b">2014</subfield>
   <subfield code="f">81</subfield>
   <subfield code="h">2014</subfield>
   <subfield code="l">UEP01</subfield>
   <subfield code="m">BOOK</subfield>
   <subfield code="q">Knihovna FM JH volný výběr</subfield>
   <subfield code="t">na 1 měsíc</subfield>
   <subfield code="u">UEP01</subfield>
  </datafield>
  <datafield tag="996" ind1=" " ind2=" ">
   <subfield code="1">HPUVV</subfield>
   <subfield code="3">CD 56-V1</subfield>
   <subfield code="4">vl.tisk</subfield>
   <subfield code="5">4202142214</subfield>
   <subfield code="7">2012 ; Požadujte u knihovníka</subfield>
   <subfield code="8">20171204</subfield>
   <subfield code="a">2012</subfield>
   <subfield code="b">2012</subfield>
   <subfield code="f">81</subfield>
   <subfield code="h">2012</subfield>
   <subfield code="l">UEP01</subfield>
   <subfield code="m">BOOK</subfield>
   <subfield code="q">Knihovna FM JH volný výběr</subfield>
   <subfield code="t">na 1 měsíc</subfield>
   <subfield code="u">UEP01</subfield>
  </datafield>
  <datafield tag="996" ind1=" " ind2=" ">
   <subfield code="1">HPUVV</subfield>
   <subfield code="3">CD 57-V1</subfield>
   <subfield code="5">4202142215</subfield>
   <subfield code="7">2015 ; Požadujte u knihovnáka</subfield>
   <subfield code="8">20171204</subfield>
   <subfield code="a">2015</subfield>
   <subfield code="b">2015</subfield>
   <subfield code="f">81</subfield>
   <subfield code="h">2015</subfield>
   <subfield code="l">UEP01</subfield>
   <subfield code="m">BOOK</subfield>
   <subfield code="q">Knihovna FM JH volný výběr</subfield>
   <subfield code="t">na 1 měsíc</subfield>
   <subfield code="u">UEP01</subfield>
  </datafield>
  <datafield tag="996" ind1=" " ind2=" ">
   <subfield code="1">HPUVV</subfield>
   <subfield code="3">CD 58-V1</subfield>
   <subfield code="5">4202142216</subfield>
   <subfield code="7">2016 ; Požadujte u knihovníka</subfield>
   <subfield code="8">20171204</subfield>
   <subfield code="a">2016</subfield>
   <subfield code="b">2016</subfield>
   <subfield code="f">81</subfield>
   <subfield code="h">2016</subfield>
   <subfield code="l">UEP01</subfield>
   <subfield code="m">BOOK</subfield>
   <subfield code="q">Knihovna FM JH volný výběr</subfield>
   <subfield code="t">na 1 měsíc</subfield>
   <subfield code="u">UEP01</subfield>
  </datafield>
  <datafield tag="996" ind1=" " ind2=" ">
   <subfield code="1">HPUVV</subfield>
   <subfield code="3">CD 59-V1</subfield>
   <subfield code="5">4202142224</subfield>
   <subfield code="7">2017 ; Požadujte u knihovníka</subfield>
   <subfield code="8">20171206</subfield>
   <subfield code="a">2017</subfield>
   <subfield code="b">2017</subfield>
   <subfield code="f">81</subfield>
   <subfield code="h">2017</subfield>
   <subfield code="l">UEP01</subfield>
   <subfield code="m">BOOK</subfield>
   <subfield code="q">Knihovna FM JH volný výběr</subfield>
   <subfield code="t">na 1 měsíc</subfield>
   <subfield code="u">UEP01</subfield>
  </datafield>
  <datafield tag="996" ind1=" " ind2=" ">
   <subfield code="1">PJMHS</subfield>
   <subfield code="3">Ka1027c</subfield>
   <subfield code="4">N:vl. tisk</subfield>
   <subfield code="5">3142286950</subfield>
   <subfield code="7">2015</subfield>
   <subfield code="8">20160108</subfield>
   <subfield code="9">005SBO</subfield>
   <subfield code="a">2015</subfield>
   <subfield code="b">2015</subfield>
   <subfield code="f">81</subfield>
   <subfield code="h">2015</subfield>
   <subfield code="l">UEP01</subfield>
   <subfield code="m">DIGIT</subfield>
   <subfield code="q">Studovna JM</subfield>
   <subfield code="t">na 1 měsíc</subfield>
   <subfield code="u">UEP01</subfield>
   <subfield code="w">20160223</subfield>
  </datafield>
  <datafield tag="996" ind1=" " ind2=" ">
   <subfield code="1">PJMHS</subfield>
   <subfield code="3">Ka1027d</subfield>
   <subfield code="4">N:vl. tisk</subfield>
   <subfield code="5">3142286951</subfield>
   <subfield code="7">2015</subfield>
   <subfield code="8">20160108</subfield>
   <subfield code="9">005SBO</subfield>
   <subfield code="a">2015</subfield>
   <subfield code="b">2015</subfield>
   <subfield code="f">81</subfield>
   <subfield code="h">2015</subfield>
   <subfield code="l">UEP01</subfield>
   <subfield code="m">DIGIT</subfield>
   <subfield code="q">Studovna JM</subfield>
   <subfield code="t">na 1 měsíc</subfield>
   <subfield code="u">UEP01</subfield>
   <subfield code="w">20160223</subfield>
  </datafield>
  <datafield tag="996" ind1=" " ind2=" ">
   <subfield code="1">PJMHS</subfield>
   <subfield code="3">Ka884b</subfield>
   <subfield code="4">N:vl. tisk</subfield>
   <subfield code="5">3142246025</subfield>
   <subfield code="7">2010</subfield>
   <subfield code="8">20110406</subfield>
   <subfield code="9">005SBO</subfield>
   <subfield code="a">2010</subfield>
   <subfield code="b">2010</subfield>
   <subfield code="f">81</subfield>
   <subfield code="h">2010</subfield>
   <subfield code="l">UEP01</subfield>
   <subfield code="m">DIGIT</subfield>
   <subfield code="q">Studovna JM</subfield>
   <subfield code="t">na 1 měsíc</subfield>
   <subfield code="u">UEP01</subfield>
   <subfield code="w">20110502</subfield>
  </datafield>
  <datafield tag="996" ind1=" " ind2=" ">
   <subfield code="1">PJMHS</subfield>
   <subfield code="3">Ka933b</subfield>
   <subfield code="4">N:vl. tisk</subfield>
   <subfield code="5">3142257114</subfield>
   <subfield code="7">2011</subfield>
   <subfield code="8">20120509</subfield>
   <subfield code="9">005SBO</subfield>
   <subfield code="a">2011</subfield>
   <subfield code="b">2011</subfield>
   <subfield code="f">81</subfield>
   <subfield code="h">2011</subfield>
   <subfield code="l">UEP01</subfield>
   <subfield code="m">DIGIT</subfield>
   <subfield code="q">Studovna JM</subfield>
   <subfield code="t">na 1 měsíc</subfield>
   <subfield code="u">UEP01</subfield>
   <subfield code="w">20120608</subfield>
  </datafield>
  <datafield tag="996" ind1=" " ind2=" ">
   <subfield code="1">PSKLA</subfield>
   <subfield code="3">Ka1019</subfield>
   <subfield code="4">N:vl. tisk</subfield>
   <subfield code="5">3142283160</subfield>
   <subfield code="7">2014</subfield>
   <subfield code="8">20150709</subfield>
   <subfield code="9">005SBO</subfield>
   <subfield code="a">2014</subfield>
   <subfield code="b">2014</subfield>
   <subfield code="f">81</subfield>
   <subfield code="h">2014</subfield>
   <subfield code="l">UEP01</subfield>
   <subfield code="m">DIGIT</subfield>
   <subfield code="q">Knihovna Žižkov - sklad</subfield>
   <subfield code="t">na 1 měsíc</subfield>
   <subfield code="u">UEP01</subfield>
   <subfield code="w">20150817</subfield>
  </datafield>
  <datafield tag="996" ind1=" " ind2=" ">
   <subfield code="1">PSKLA</subfield>
   <subfield code="3">Ka1019a</subfield>
   <subfield code="4">N:vl. tisk</subfield>
   <subfield code="5">3142283161</subfield>
   <subfield code="7">2014</subfield>
   <subfield code="8">20150709</subfield>
   <subfield code="9">005SBO</subfield>
   <subfield code="a">2014</subfield>
   <subfield code="b">2014</subfield>
   <subfield code="f">81</subfield>
   <subfield code="h">2014</subfield>
   <subfield code="l">UEP01</subfield>
   <subfield code="m">DIGIT</subfield>
   <subfield code="q">Knihovna Žižkov - sklad</subfield>
   <subfield code="t">na 1 měsíc</subfield>
   <subfield code="u">UEP01</subfield>
   <subfield code="w">20150709</subfield>
  </datafield>
  <datafield tag="996" ind1=" " ind2=" ">
   <subfield code="1">PSKLA</subfield>
   <subfield code="3">Ka1027</subfield>
   <subfield code="4">N:vl. tisk</subfield>
   <subfield code="5">3142285533</subfield>
   <subfield code="7">2015</subfield>
   <subfield code="8">20160108</subfield>
   <subfield code="9">005SBO</subfield>
   <subfield code="a">2015</subfield>
   <subfield code="b">2015</subfield>
   <subfield code="f">81</subfield>
   <subfield code="h">2015</subfield>
   <subfield code="l">UEP01</subfield>
   <subfield code="m">DIGIT</subfield>
   <subfield code="q">Knihovna Žižkov - sklad</subfield>
   <subfield code="t">na 1 měsíc</subfield>
   <subfield code="u">UEP01</subfield>
   <subfield code="w">20160215</subfield>
  </datafield>
  <datafield tag="996" ind1=" " ind2=" ">
   <subfield code="1">PSKLA</subfield>
   <subfield code="3">Ka1027a</subfield>
   <subfield code="4">N:vl. tisk</subfield>
   <subfield code="5">3142286732</subfield>
   <subfield code="7">2015</subfield>
   <subfield code="8">20160108</subfield>
   <subfield code="9">005SBO</subfield>
   <subfield code="a">2015</subfield>
   <subfield code="b">2015</subfield>
   <subfield code="f">81</subfield>
   <subfield code="h">2015</subfield>
   <subfield code="l">UEP01</subfield>
   <subfield code="m">DIGIT</subfield>
   <subfield code="q">Knihovna Žižkov - sklad</subfield>
   <subfield code="t">na 1 měsíc</subfield>
   <subfield code="u">UEP01</subfield>
   <subfield code="w">20160111</subfield>
  </datafield>
  <datafield tag="996" ind1=" " ind2=" ">
   <subfield code="1">PSKLA</subfield>
   <subfield code="3">Ka1027b</subfield>
   <subfield code="4">N:vl. tisk</subfield>
   <subfield code="5">3142286733</subfield>
   <subfield code="7">2015</subfield>
   <subfield code="8">20160108</subfield>
   <subfield code="9">005SBO</subfield>
   <subfield code="a">2015</subfield>
   <subfield code="b">2015</subfield>
   <subfield code="f">81</subfield>
   <subfield code="h">2015</subfield>
   <subfield code="l">UEP01</subfield>
   <subfield code="m">DIGIT</subfield>
   <subfield code="q">Knihovna Žižkov - sklad</subfield>
   <subfield code="t">na 1 měsíc</subfield>
   <subfield code="u">UEP01</subfield>
   <subfield code="w">20160111</subfield>
  </datafield>
  <datafield tag="996" ind1=" " ind2=" ">
   <subfield code="1">PSKLA</subfield>
   <subfield code="3">Ka884</subfield>
   <subfield code="4">N:vl. tisk</subfield>
   <subfield code="5">3142246023</subfield>
   <subfield code="7">2010</subfield>
   <subfield code="8">20110224</subfield>
   <subfield code="9">005SBO</subfield>
   <subfield code="a">2010</subfield>
   <subfield code="b">2010</subfield>
   <subfield code="f">81</subfield>
   <subfield code="h">2010</subfield>
   <subfield code="l">UEP01</subfield>
   <subfield code="m">DIGIT</subfield>
   <subfield code="q">Knihovna Žižkov - sklad</subfield>
   <subfield code="t">na 1 měsíc</subfield>
   <subfield code="u">UEP01</subfield>
   <subfield code="w">20110413</subfield>
  </datafield>
  <datafield tag="996" ind1=" " ind2=" ">
   <subfield code="1">PSKLA</subfield>
   <subfield code="3">Ka884a</subfield>
   <subfield code="4">N:vl. tisk</subfield>
   <subfield code="5">3142246024</subfield>
   <subfield code="7">2010</subfield>
   <subfield code="8">20110224</subfield>
   <subfield code="9">005SBO</subfield>
   <subfield code="a">2010</subfield>
   <subfield code="b">2010</subfield>
   <subfield code="f">81</subfield>
   <subfield code="h">2010</subfield>
   <subfield code="l">UEP01</subfield>
   <subfield code="m">DIGIT</subfield>
   <subfield code="q">Knihovna Žižkov - sklad</subfield>
   <subfield code="t">na 1 měsíc</subfield>
   <subfield code="u">UEP01</subfield>
   <subfield code="w">20110406</subfield>
  </datafield>
  <datafield tag="996" ind1=" " ind2=" ">
   <subfield code="1">PSKLA</subfield>
   <subfield code="3">Ka933</subfield>
   <subfield code="4">N:vl. tisk</subfield>
   <subfield code="5">3142257112</subfield>
   <subfield code="7">2011</subfield>
   <subfield code="8">20120509</subfield>
   <subfield code="9">005SBO</subfield>
   <subfield code="a">2011</subfield>
   <subfield code="b">2011</subfield>
   <subfield code="f">81</subfield>
   <subfield code="h">2011</subfield>
   <subfield code="l">UEP01</subfield>
   <subfield code="m">DIGIT</subfield>
   <subfield code="q">Knihovna Žižkov - sklad</subfield>
   <subfield code="t">na 1 měsíc</subfield>
   <subfield code="u">UEP01</subfield>
   <subfield code="w">20120515</subfield>
  </datafield>
  <datafield tag="996" ind1=" " ind2=" ">
   <subfield code="1">PSKLA</subfield>
   <subfield code="3">Ka933a</subfield>
   <subfield code="4">N:vl. tisk</subfield>
   <subfield code="5">3142257113</subfield>
   <subfield code="7">2011</subfield>
   <subfield code="8">20120509</subfield>
   <subfield code="9">005SBO</subfield>
   <subfield code="a">2011</subfield>
   <subfield code="b">2011</subfield>
   <subfield code="f">81</subfield>
   <subfield code="h">2011</subfield>
   <subfield code="l">UEP01</subfield>
   <subfield code="m">DIGIT</subfield>
   <subfield code="q">Knihovna Žižkov - sklad</subfield>
   <subfield code="t">na 1 měsíc</subfield>
   <subfield code="u">UEP01</subfield>
   <subfield code="w">20120509</subfield>
  </datafield>
  <datafield tag="996" ind1=" " ind2=" ">
   <subfield code="1">PSKLA</subfield>
   <subfield code="3">Ka992</subfield>
   <subfield code="4">N:vl. tisk</subfield>
   <subfield code="5">3142274518</subfield>
   <subfield code="7">2013</subfield>
   <subfield code="8">20140417</subfield>
   <subfield code="9">005SBO</subfield>
   <subfield code="a">2013</subfield>
   <subfield code="b">2013</subfield>
   <subfield code="f">81</subfield>
   <subfield code="h">2013</subfield>
   <subfield code="l">UEP01</subfield>
   <subfield code="m">DIGIT</subfield>
   <subfield code="q">Knihovna Žižkov - sklad</subfield>
   <subfield code="t">na 1 měsíc</subfield>
   <subfield code="u">UEP01</subfield>
   <subfield code="w">20140506</subfield>
  </datafield>
  <datafield tag="996" ind1=" " ind2=" ">
   <subfield code="1">PSKLA</subfield>
   <subfield code="3">Ka992a</subfield>
   <subfield code="4">N:vl. tisk</subfield>
   <subfield code="5">3142274519</subfield>
   <subfield code="7">2013</subfield>
   <subfield code="8">20140417</subfield>
   <subfield code="9">005SBO</subfield>
   <subfield code="a">2013</subfield>
   <subfield code="b">2013</subfield>
   <subfield code="f">81</subfield>
   <subfield code="h">2013</subfield>
   <subfield code="l">UEP01</subfield>
   <subfield code="m">DIGIT</subfield>
   <subfield code="q">Knihovna Žižkov - sklad</subfield>
   <subfield code="t">na 1 měsíc</subfield>
   <subfield code="u">UEP01</subfield>
   <subfield code="w">20140417</subfield>
  </datafield>
  <datafield tag="996" ind1=" " ind2=" ">
   <subfield code="1">PSKLA</subfield>
   <subfield code="3">Ka992b</subfield>
   <subfield code="4">N:vl. tisk</subfield>
   <subfield code="5">3142274520</subfield>
   <subfield code="7">2013</subfield>
   <subfield code="8">20140417</subfield>
   <subfield code="9">005SBO</subfield>
   <subfield code="a">2013</subfield>
   <subfield code="b">2013</subfield>
   <subfield code="f">81</subfield>
   <subfield code="h">2013</subfield>
   <subfield code="l">UEP01</subfield>
   <subfield code="m">DIGIT</subfield>
   <subfield code="q">Knihovna Žižkov - sklad</subfield>
   <subfield code="t">na 1 měsíc</subfield>
   <subfield code="u">UEP01</subfield>
   <subfield code="w">20140417</subfield>
  </datafield>
  <datafield tag="996" ind1=" " ind2=" ">
   <subfield code="1">PSKLA</subfield>
   <subfield code="3">Ka992c</subfield>
   <subfield code="4">N:vl. tisk</subfield>
   <subfield code="5">3142274521</subfield>
   <subfield code="7">2013</subfield>
   <subfield code="8">20140417</subfield>
   <subfield code="9">005SBO</subfield>
   <subfield code="a">2013</subfield>
   <subfield code="b">2013</subfield>
   <subfield code="f">81</subfield>
   <subfield code="h">2013</subfield>
   <subfield code="l">UEP01</subfield>
   <subfield code="m">DIGIT</subfield>
   <subfield code="q">Knihovna Žižkov - sklad</subfield>
   <subfield code="t">na 1 měsíc</subfield>
   <subfield code="u">UEP01</subfield>
   <subfield code="w">20140417</subfield>
  </datafield>
 </record>
</collection>
